00000000nam##2200000za#4500
0019.534731
003CaOODSP
00520210615083626
007ta
008150406|2000||||xxc|||||     f|0| 0 fre|d
040 |aCaOODSP|bfre
041 |aeng
041 |afre
043 |an-cn---
0861 |aH12-30/113
1101 |aCanada.|bSanté Canada. |bDirection générale de la protection de la santé.
24510|aNettoyage des réanimateurs et des valves de PEP réutilisables
260 |aOttawa - Ontario : |bSanté Canada.
300 |a3p. ; |c28 cm.
4901 |aAlerte: matériels médicaux |vN° 113, le 7 septembre 2000
546 |aBilingue
563 |aDépliant
590 |a00-51|b2000-12-29
69107|aTechnologie médicale|2gcpds
69107|aMesure de sécurité|2gcpds
7760#|tCleaning of reusable resuscitators and PEEP valves |w(CaOODSP)9.588061
791 |tCleaning of reusable resuscitators and PEEP valves |eeng|w(CaOODSP)9.534730
830#0|aAlerte: matériels médicaux ;|vN° 113, le 7 septembre 2000|w(CaOODSP)9.509385